|
|
|
|
| LEADER |
02044nam a2200409 4500 |
| 001 |
000009721 |
| 005 |
20130830142152.0 |
| 008 |
130828s1787 hu e hun |
| FMT |
|
|
|
| 040 |
|
|
|a SVKKK
|b slo
|c SVKKK
|e AACR2
|
| 041 |
0 |
|
|a hun
|
| 044 |
|
|
|a hu
|c HU
|
| 080 |
|
|
|a 343
|
| 080 |
|
|
|a 347
|
| 130 |
0 |
|
|a Közönséges Törvény
|
| 245 |
1 |
0 |
|a Közönséges Törvény A Vétkekről,
|b És Azoknak Büntetésekről
|
| 260 |
|
|
|a Pesten
|b Trattner' Betőivel
|c M. DCC. LXXXVII. [=1787]
|
| 300 |
|
|
|a VIII,152 s. )(/4,A/8-I/8,K/4 [=80] list.
|c 8°. 17,5x11 cm
|
| 500 |
|
|
|a Vinety ornam., vlysy ornam.-fig., linky ozdobné, inic. vo voľ. priestore na 1 r., typograf. ozdoby
|
| 508 |
|
|
|a Na zl. )(/2-)(/3 listina cisára Jozef II. týkajúca sa vydania zákonníka v závere s textom "Költ Fő Hertzegi Várasunkban Austriai Bétsben, Szent György havának második napján, az Úrnak ezer, hét-száz, nyoltzvan-hetedik, Országainknak a' Rómainak huszon-kettődik, a' Magyarnak pedig, a' Tsehnek, és a' többieknek hetedik esztendőjében. Jósef (L.S.) Gróff Pálffy Károl m. p. Nagy Jósef m. p."
|
| 510 |
4 |
|
|a Petrik III/674 [pod Törvény]; GBV [reprint]; OSZK; SPK;
|
| 561 |
|
|
|a Peč.: Štátna vedecká knižnica v Košiciach; K. K. Rechtsakad. Bibiothek In Kaschau; Kassai Királyi Akademia Könyvtára. Tlač. exlibris: Kassai királyi jogakademia Könyvtára Szekrény szám I Osztályzat e
|
| 563 |
|
|
|a Lepenka, ružový papier
|
| 653 |
1 |
|
|a trestné právo
|
| 653 |
1 |
|
|a občianske právo
|
| 700 |
0 |
|
|a Jozef.
|b II,
|c rímsko-nemecký cisár, uhorský a český kráľ
|d 1765-1790
|4 aui
|
| 700 |
1 |
|
|a Pálfi, Karol Jozef Hieronym,
|d 1735-1816
|4 oth
|
| 700 |
1 |
|
|a Nagy, József,
|d cca 1742-1801
|4 aui
|
| 710 |
0 |
|
|a Trattner nyomda,
|c Budapest,
|d 1783-1827
|4 prt
|
| 710 |
0 |
|
|a knižnice - Knižnica Právnickej akadémie
|c Košice
|4 sgn
|
| 752 |
|
|
|a Maďarsko
|d Budapest
|
| 852 |
|
|
|p K 292 PA
|
| 904 |
|
|
|a acf-y----da------yyyb-1001--
|
| 905 |
|
|
|a fg-a0bb-
|5 -------
|
| 910 |
|
|
|a svkkk
|
| 998 |
|
|
|a ST18
|
| BAS |
|
|
|